[Event "FIDE World Rapid 2014"]
[Site "Dubai UAE"]
[Date "2014.06.17"]
[Round "9.40"]
[White "Ganguly, Surya Shekhar"]
[Black "Glek, Igor"]
[Result "0-1"]
[WhiteTitle "GM"]
[BlackTitle "GM"]
[WhiteElo "2619"]
[BlackElo "2438"]
[WhiteFideId "5002150"]
[BlackFideId "4100484"]
[EventDate "2014.06.16"]

1. e4 c5 2. Nf3 a6 3. Nc3 e6 4. d4 cxd4 5. Nxd4 b5 6. Bd3 Qb6 7. Nb3 Qc7 8. O-O
Nf6 9. Qe2 d6 10. f4 Nc6 11. Bd2 Be7 12. Rae1 O-O 13. e5 Ne8 14. Rf3 g6 15. Nd1
f5 16. exf6 Nxf6 17. Nf2 Bd7 18. Rg3 Rf7 19. a3 Raf8 20. Bc3 Rg7 21. Nd4 Nd8 22.
f5 e5 23. fxg6 hxg6 24. Nf3 Nh5 25. Ne4 Ne6 26. Qd2 Nef4 27. Bf1 Bc6 28. Neg5
Qa7+ 29. Qf2 Qxf2+ 30. Kxf2 Nxg3 31. hxg3 Bxg5 32. gxf4 Bxf4 33. Rd1 d5 34. Ke2
d4 35. Bb4 Rf6 36. Kf2 g5 37. Kg1 g4 38. Nh4 Rh7 39. g3 Bxg3 0-1

[Event "FIDE World Rapid 2014"]
[Site "Dubai UAE"]
[Date "2014.06.17"]
[Round "9.41"]
[White "Anton Guijarro, David"]
[Black "Vakhidov, Jahongir"]
[Result "1/2-1/2"]
[WhiteTitle "GM"]
[BlackTitle "IM"]
[WhiteElo "2631"]
[BlackElo "2471"]
[WhiteFideId "2285525"]
[BlackFideId "14201801"]
[EventDate "2014.06.16"]

1. Nf3 g6 2. e4 Nf6 3. e5 Nh5 4. d4 d6 5. Be2 Nc6 6. exd6 exd6 7. O-O Bg7 8. c3
O-O 9. Bg5 Nf6 10. Nbd2 h6 11. Bh4 Ne7 12. Re1 Nf5 13. Bxf6 Bxf6 14. Qb3 c6 15.
Bd3 Qc7 16. d5 c5 17. a4 Bd7 18. Bb5 Rfe8 19. Bxd7 Qxd7 20. Qb5 Rxe1+ 21. Nxe1
Qc7 22. Nef3 a6 23. Qc4 Re8 24. Ne4 Bg7 25. Re1 Qd7 26. h3 b5 27. axb5 axb5 28.
Qa2 Ne7 29. Rd1 f5 30. Ng3 Kh7 31. Qa6 Rb8 32. h4 b4 33. h5 g5 34. Qc4 f4 35.
Ne4 Kh8 36. Re1 Nf5 37. Qd3 Qf7 38. cxb4 cxb4 39. Nexg5 hxg5 40. Nxg5 Qf6 41.
Nh3 Nd4 42. Re4 f3 43. Nf4 Ne2+ 44. Nxe2 fxe2 45. Qxe2 b3 46. Re6 Qg5 47. g3
Qxd5 48. Qg4 Rf8 49. Re2 Qd4 50. Qxd4 Bxd4 51. Kg2 Rc8 52. Rd2 Be5 53. Rd3 Rb8
54. Rd2 d5 55. f4 Bg7 56. Kf3 d4 57. g4 Re8 58. g5 Re3+ 59. Kg4 d3 60. h6 Bd4
61. g6 Kg8 62. Kf5 Rh3 63. Ke4 Bf6 64. Kf5 Bd4 65. Ke4 Bf6 66. Kf5 Bd4 67. Ke4 1/2-1/2

[Event "FIDE World Rapid 2014"]
[Site "Dubai UAE"]
[Date "2014.06.17"]
[Round "9.42"]
[White "Al-Sayed, Mohammed"]
[Black "Goloshchapov, Alexander"]
[Result "1/2-1/2"]
[WhiteTitle "GM"]
[BlackTitle "GM"]
[WhiteElo "2505"]
[BlackElo "2586"]
[WhiteFideId "12100196"]
[BlackFideId "14103222"]
[EventDate "2014.06.16"]

1. d4 d5 2. c4 e6 3. Nc3 Be7 4. Nf3 Nf6 5. Bf4 O-O 6. e3 Nbd7 7. Bd3 dxc4 8.
Bxc4 a6 9. a4 c5 10. O-O cxd4 11. exd4 Nb6 12. Bb3 Bd7 13. Ne5 Rc8 14. Qf3 Bc6
15. Nxc6 Rxc6 16. Be5 Nbd5 17. Qg3 Nxc3 18. bxc3 Bd6 19. Rfc1 Bxe5 20. dxe5 Ne4
21. Qe3 Nc5 22. Bc2 Qc7 23. Rab1 Rb8 24. Rb4 Nd7 25. Be4 Rb6 26. f4 g6 27. Rd1
Nc5 28. Rc4 Rc8 29. h4 h5 30. Kh2 Rb2 31. Rd6 a5 32. f5 exf5 33. Bxf5 gxf5 34.
Qg5+ Kf8 35. Qxh5 b6 36. Qxf5 Re8 37. Qh7 Qb7 38. Rg4 Ne6 39. Qh6+ Ke7 40. Rxe6+
Kd7 41. Rxe8 Kxe8 42. Rg8+ 1/2-1/2

[Event "FIDE World Rapid 2014"]
[Site "Dubai UAE"]
[Date "2014.06.17"]
[Round "9.43"]
[White "Al-Modiahki, Mohamad"]
[Black "Vahidov, Tair"]
[Result "1-0"]
[WhiteTitle "GM"]
[BlackTitle "GM"]
[WhiteElo "2549"]
[BlackElo "2446"]
[WhiteFideId "12100030"]
[BlackFideId "14200155"]
[EventDate "2014.06.16"]

1. e4 e5 2. Nf3 Nf6 3. Nxe5 d6 4. Nf3 Nxe4 5. Nc3 Nf6 6. d4 Be7 7. Bd3 O-O 8. h3
Re8 9. O-O Nbd7 10. Re1 Nf8 11. Ne2 Ng6 12. Ng3 c6 13. c3 Bf8 14. Rxe8 Nxe8 15.
Qc2 Nc7 16. Bg5 Be7 17. Bd2 Be6 18. c4 Qd7 19. Bc3 Re8 20. Nh5 Bf8 21. Ng5 d5
22. c5 Be7 23. Nf3 Nf8 24. Ne5 Qd8 25. Re1 f6 26. Ng4 Bf7 27. Ng3 h5 28. Nh2 g6
29. Nf3 Nce6 30. Qd2 Qc7 31. Ne2 Kg7 32. Nh4 Bd8 33. b3 Ng5 34. Bb2 Ne4 35. Qc2
Nh7 36. Bc1 Nhg5 37. Bf4 Qa5 38. b4 Qxb4 39. Rb1 Qa5 40. f3 1-0

[Event "FIDE World Rapid 2014"]
[Site "Dubai UAE"]
[Date "2014.06.17"]
[Round "9.44"]
[White "Kayumov, Sergey"]
[Black "Durarbayli, Vasif"]
[Result "0-1"]
[WhiteTitle "GM"]
[BlackTitle "GM"]
[WhiteElo "2505"]
[BlackElo "2590"]
[WhiteFideId "14200880"]
[BlackFideId "13402935"]
[EventDate "2014.06.16"]

1. d4 Nf6 2. Nf3 e6 3. Bf4 b6 4. e3 Bb7 5. h3 Be7 6. Be2 O-O 7. O-O c5 8. c3 Nc6
9. a4 Rc8 10. Bh2 d5 11. Nbd2 Bd6 12. Ne5 Bxe5 13. dxe5 Ne4 14. Nxe4 dxe4 15.
Qc2 Ne7 16. Rad1 Qc7 17. Rd6 Bd5 18. Rd1 c4 19. g4 Qb7 20. Bf1 Rc5 21. Bg2 Nc8
22. R6xd5 exd5 23. f3 exf3 24. Bxf3 Ne7 25. Rd4 Nc6 26. Rxd5 Nxe5 27. Bxe5 Rxd5
28. Bd4 Qd7 29. Bxd5 Qxd5 30. Qg2 Qxg2+ 31. Kxg2 f5 32. Kg3 fxg4 33. hxg4 Rf1
34. e4 Rb1 35. Kf4 Rxb2 36. g5 a5 37. Ke5 b5 38. Kd6 bxa4 39. Bc5 Rb3 40. e5 a3
41. e6 a2 0-1

[Event "FIDE World Rapid 2014"]
[Site "Dubai UAE"]
[Date "2014.06.17"]
[Round "9.45"]
[White "Kovalev, Vladislav"]
[Black "Shyam, Sundar M."]
[Result "0-1"]
[WhiteTitle "GM"]
[BlackTitle "GM"]
[WhiteElo "2554"]
[BlackElo "2468"]
[WhiteFideId "13504398"]
[BlackFideId "5019141"]
[EventDate "2014.06.16"]

1. e4 c6 2. d4 d5 3. Nd2 dxe4 4. Nxe4 Bf5 5. Ng3 Bg6 6. h4 h6 7. Nf3 e6 8. Ne5
Bh7 9. Bd3 Bxd3 10. Qxd3 Nf6 11. Bd2 Nbd7 12. Ng6 Nc5 13. Qe2 fxg6 14. dxc5 Bxc5
15. Qxe6+ Qe7 16. Qxe7+ Kxe7 17. f3 Rad8 18. O-O-O Bf2 19. Ne2 Kf7 20. Rdf1 Bb6
21. Nf4 Rhe8 22. Re1 Rxe1+ 23. Rxe1 Bf2 24. Rh1 Bg3 25. Ne2 Nh5 26. Rh3 Be5 27.
c3 Nf6 28. Rh1 Nh5 29. Rh3 Nf6 30. Kc2 h5 31. Rh1 Nd5 32. c4 Ne7 33. Be3 a6 34.
Bf2 b5 35. b3 Nf5 36. Rd1 Rxd1 37. Kxd1 bxc4 38. bxc4 Nd6 39. c5 Nb5 40. Kc2 Ke6
41. a4 Nc7 42. Kb3 Kd5 43. Kb4 Ne6 44. g4 hxg4 45. fxg4 Ke4 46. Bg3 Bxg3 47.
Nxg3+ Kf3 48. Nf1 Kxg4 49. Nd2 Kxh4 50. Ne4 g5 51. Ka5 g4 52. Kxa6 g3 53. Kb6 g2
54. Nd2 Kg4 0-1

[Event "FIDE World Rapid 2014"]
[Site "Dubai UAE"]
[Date "2014.06.17"]
[Round "9.46"]
[White "Sriram, Jha"]
[Black "Ghaem Maghami, Ehsan"]
[Result "0-1"]
[WhiteTitle "GM"]
[BlackTitle "GM"]
[WhiteElo "2375"]
[BlackElo "2582"]
[WhiteFideId "5001668"]
[BlackFideId "12500739"]
[EventDate "2014.06.16"]

1. d4 Nf6 2. c4 e6 3. Nf3 d5 4. Nc3 dxc4 5. e4 Bb4 6. Bg5 h6 7. Bxf6 Qxf6 8.
Bxc4 c5 9. O-O cxd4 10. Qa4+ Nc6 11. Bb5 O-O 12. Bxc6 dxc3 13. Qxb4 cxb2 14.
Rab1 bxc6 15. e5 Qd8 16. Qxb2 Ba6 17. Rfd1 Qa5 18. Rd6 Bc4 19. Rxc6 Qxa2 20.
Qxa2 Bxa2 21. Ra1 Rfb8 22. Ra6 Rb1+ 23. Rxb1 Bxb1 24. Nd4 Rd8 25. Rd6 Ra8 26.
Ra6 Be4 27. f3 Bb7 28. Ra5 a6 29. Nb3 Rb8 30. Nc5 Bc8 31. Ra4 Rb5 32. Nxa6 Rxe5
33. Nb4 Rc5 34. Ra8 Rc7 35. Nd3 f6 36. Ra5 Rd7 37. Ra8 Rxd3 38. Rxc8+ Kf7 39.
Kf2 Rd2+ 40. Kg3 g5 41. Rc4 e5 42. h4 Kg6 43. hxg5 hxg5 44. Ra4 Kf5 45. Rb4 Rd4
46. Rb8 Rd6 47. Rb4 Ke6 48. Rb8 Rd4 49. Re8+ Kf5 50. Rb8 Rd7 51. Rb4 Ke6 52.
Rb6+ Rd6 53. Rb8 Kf5 54. Rb4 Rd3 55. Ra4 Rd4 56. Ra8 g4 57. Ra3 gxf3 58. gxf3
Rd7 59. Rb3 Kg5 60. Rb8 Rd3 61. Rb5 Kf5 62. Ra5 Rb3 63. Rc5 Ra3 64. Rb5 Ke6 65.
Rb6+ Ke7 66. Rb7+ Ke6 67. Rb6+ Kf5 68. Rb5 Ra8 69. Rc5 Rd8 70. Rb5 Ke6 71. Rb6+
Rd6 72. Rb5 f5 73. Ra5 Rd3 74. Ra6+ Kd5 75. Ra5+ Kd4 76. Ra4+ Ke3 77. Ra5 e4 78.
Rxf5 Ke2 79. Ra5 Rxf3+ 80. Kg2 Rd3 81. Ra2+ Rd2 82. Ra3 Ke1+ 83. Kg1 Rd3 84.
Ra1+ Ke2 85. Kg2 Rd1 86. Ra3 Rd2 87. Ra1 Rb2 88. Kg3 e3 89. Ra8 Rd2 90. Ra3 Rd8
91. Ra2+ Kd3 92. Ra3+ Ke4 93. Kg2 Rd2+ 94. Kg3 Rd1 95. Ra4+ Rd4 96. Ra3 Rb4 97.
Ra2 Rc4 98. Kg2 Kd3 99. Ra8 e2 100. Rd8+ 0-1

[Event "FIDE World Rapid 2014"]
[Site "Dubai UAE"]
[Date "2014.06.17"]
[Round "9.47"]
[White "Lu, Shanglei"]
[Black "Hilwani, Talal"]
[Result "1-0"]
[WhiteTitle "GM"]
[WhiteElo "2546"]
[BlackElo "2274"]
[WhiteFideId "8603332"]
[BlackFideId "7600410"]
[EventDate "2014.06.16"]

1. e4 c5 2. Nf3 a6 3. c3 d5 4. exd5 Qxd5 5. d4 e6 6. Be2 Nf6 7. O-O Nbd7 8. Be3
b6 9. Nfd2 Qd6 10. Bf3 Ra7 11. dxc5 Nxc5 12. Nc4 Qc7 13. Qd4 Ncd7 14. Bf4 Qc5
15. Qd3 Bb7 16. Nd6+ Bxd6 17. Bxd6 Qc8 18. Nd2 Nc5 19. Qe3 Bxf3 20. Nxf3 Qc6 21.
Qe5 Qe4 22. Rad1 Qxe5 23. Nxe5 Nfe4 24. f3 Nxd6 25. Rxd6 b5 26. Rc6 Nd7 27. Rc8+
Ke7 28. Rc6 1-0

[Event "FIDE World Rapid 2014"]
[Site "Dubai UAE"]
[Date "2014.06.17"]
[Round "9.49"]
[White "Faisal, Abdulla"]
[Black "Korobov, Anton"]
[Result "0-1"]
[WhiteTitle "CM"]
[BlackTitle "GM"]
[WhiteElo "2270"]
[BlackElo "2680"]
[WhiteFideId "9301232"]
[BlackFideId "14105730"]
[EventDate "2014.06.16"]

1. d4 Nf6 2. Nf3 e6 3. Bg5 c5 4. c3 Qb6 5. Qc1 Nc6 6. e3 d5 7. Nbd2 Bd7 8. Bd3
Rc8 9. Bxf6 gxf6 10. O-O f5 11. Rb1 c4 12. Bc2 Qc7 13. b3 b5 14. bxc4 bxc4 15.
Ba4 Bd6 16. Bxc6 Bxc6 17. Ne5 Ba4 18. f4 f6 19. Nef3 O-O 20. Qe1 Bc2 21. Ra1 Bd3
22. Qg3+ Kh8 23. Rf2 Qa5 24. Qh3 Rg8 25. Qh5 Qxc3 26. Re1 Rc7 27. h3 Rcg7 28. g4
fxg4 29. hxg4 Rxg4+ 30. Kh1 Be4 31. Rh2 Qxd2 32. Rxd2 Bxf3+ 33. Kh2 Rxf4 0-1

[Event "FIDE World Rapid 2014"]
[Site "Dubai UAE"]
[Date "2014.06.17"]
[Round "9.50"]
[White "Savchenko, Boris"]
[Black "Gundavaa, Bayarsaikhan"]
[Result "0-1"]
[WhiteTitle "GM"]
[BlackTitle "GM"]
[WhiteElo "2581"]
[BlackElo "2501"]
[WhiteFideId "4147332"]
[BlackFideId "4901045"]
[EventDate "2014.06.16"]

1. e4 c5 2. Nf3 d6 3. d4 cxd4 4. Nxd4 Nf6 5. Nc3 a6 6. Bg5 e6 7. f4 Qc7 8. Qe2
b5 9. O-O-O Bb7 10. e5 dxe5 11. fxe5 Nd5 12. Nxd5 Bxd5 13. Nf5 Qc6 14. Ne3 h6
15. Qh5 g6 16. Qh4 Nd7 17. Bf6 Rg8 18. Nxd5 exd5 19. Be2 Nxf6 20. exf6 O-O-O 21.
Rd3 Bc5 22. Bf3 Kb8 23. Rhd1 g5 24. Qxh6 Rg6 25. Rxd5 Be3+ 26. Kb1 Rc8 27. R5d2
Rxh6 28. Bxc6 Bxd2 0-1

[Event "FIDE World Rapid 2014"]
[Site "Dubai UAE"]
[Date "2014.06.17"]
[Round "9.51"]
[White "Tissir, Mohamed"]
[Black "Breckenridge, Steven James"]
[Result "1-0"]
[WhiteTitle "IM"]
[BlackTitle "FM"]
[WhiteElo "2380"]
[BlackElo "2299"]
[WhiteFideId "9000240"]
[BlackFideId "2043700"]
[EventDate "2014.06.16"]

1. e4 e5 2. Nf3 Nc6 3. Bc4 Nf6 4. d3 Bc5 5. c3 d6 6. Bb3 a6 7. Nbd2 O-O 8. Nf1
Ne7 9. Ng3 Ng6 10. O-O Ba7 11. h3 c5 12. Bg5 h6 13. Be3 d5 14. Re1 d4 15. cxd4
cxd4 16. Bd2 Be6 17. Rf1 Qd7 18. Nh2 Bb8 19. Nh5 Nxh5 20. Qxh5 Kh7 21. Ng4 Rh8
22. Rac1 Bd6 23. Rc2 Raf8 24. Rfc1 Bxb3 25. axb3 Qe6 26. Qf5 Qxf5 27. exf5 Ne7
28. f6 Nd5 29. fxg7 Kxg7 30. Re1 Re8 31. Nh2 Rc8 32. Rc4 Nb6 33. Rcc1 Rxc1 34.
Rxc1 Rc8 35. Re1 Rc2 36. Ba5 Nd5 37. Bd8 f6 38. Nf3 Bb4 39. Re4 Rc8 40. Nxe5
fxe5 41. Bh4 Nf6 42. Re2 Rc1+ 43. Kh2 Bd6 44. Bg3 Nd7 45. Re4 Kf6 46. Rh4 Bf8
47. f4 e4 48. dxe4 d3 49. e5+ Kf5 50. Rh5+ Ke4 51. e6 Nf6 52. Re5+ Kd4 53. Bf2# 1-0

[Event "FIDE World Rapid 2014"]
[Site "Dubai UAE"]
[Date "2014.06.17"]
[Round "10.3"]
[White "Nepomniachtchi, Ian"]
[Black "Grischuk, Alexander"]
[Result "1/2-1/2"]
[WhiteTitle "GM"]
[BlackTitle "GM"]
[WhiteElo "2730"]
[BlackElo "2792"]
[WhiteFideId "4168119"]
[BlackFideId "4126025"]
[EventDate "2014.06.16"]

1. e4 c5 2. Nf3 d6 3. d4 cxd4 4. Nxd4 Nf6 5. Nc3 a6 6. h3 Nc6 7. g4 Qb6 8. Nb3
e6 9. g5 Nd7 10. h4 Qc7 11. f4 b5 12. Bg2 Bb7 13. a3 g6 14. f5 Nde5 15. fxe6
fxe6 16. Bh3 Qe7 17. O-O Bg7 18. Ne2 Nf7 19. Nf4 Bc8 20. c3 O-O 21. Be3 Nfe5 22.
Nd2 Bd7 23. Qe2 Rf7 24. Rf2 Raf8 25. Raf1 Na5 26. Bd4 Nac6 27. Be3 Na5 28. Bd4
Nac6 29. Be3 1/2-1/2

[Event "FIDE World Rapid 2014"]
[Site "Dubai UAE"]
[Date "2014.06.17"]
[Round "10.6"]
[White "Radjabov, Teimour"]
[Black "Naiditsch, Arkadij"]
[Result "1/2-1/2"]
[WhiteTitle "GM"]
[BlackTitle "GM"]
[WhiteElo "2724"]
[BlackElo "2705"]
[WhiteFideId "13400924"]
[BlackFideId "4650891"]
[EventDate "2014.06.16"]

1. d4 Nf6 2. Nf3 e6 3. c4 Bb4+ 4. Nbd2 b6 5. a3 Bxd2+ 6. Bxd2 Bb7 7. g3 O-O 8.
Bg2 a5 9. b3 d6 10. O-O Nbd7 11. Qc2 Be4 12. Qb2 a4 13. b4 b5 14. cxb5 Nb6 15.
Bg5 h6 16. Bxf6 Qxf6 17. Rac1 Rfc8 18. Rfe1 Rab8 19. Qd2 Qd8 20. e3 Qf6 21. Qe2
Qf5 22. Nh4 Qd5 23. Bxe4 Qxe4 24. Rc6 Qd5 25. Rec1 Na8 26. Ng2 Qb3 27. R1c3 Qb1+
28. Qf1 Qxf1+ 29. Kxf1 Kf8 30. e4 Ke7 31. Ra6 Nb6 32. Ne3 Rb7 33. Ke2 Kd7 34. f3
h5 35. Kd3 g6 36. Nc4 Nxc4 37. Rxc4 Rxb5 38. Rxa4 Rb7 39. Ra5 f5 40. Ke3 Rf8 41.
e5 d5 42. Rc2 g5 43. Ra6 f4+ 44. gxf4 gxf4+ 45. Kd3 Rg8 46. Rcc6 Rg6 47. Rc2 Rg8
48. Rac6 h4 49. a4 Ra8 50. a5 Raa7 51. R6c5 Rxb4 52. Ra2 Rb3+ 53. Rc3 Rxc3+ 54.
Kxc3 Kc6 55. Kb4 Rb7+ 56. Kc3 Ra7 57. Kb4 Rb7+ 58. Kc3 Ra7 59. Kb4 1/2-1/2

[Event "FIDE World Rapid 2014"]
[Site "Dubai UAE"]
[Date "2014.06.17"]
[Round "10.7"]
[White "Le, Quang Liem"]
[Black "Tomashevsky, Evgeny"]
[Result "0-1"]
[WhiteTitle "GM"]
[BlackTitle "GM"]
[WhiteElo "2712"]
[BlackElo "2695"]
[WhiteFideId "12401137"]
[BlackFideId "4147235"]
[EventDate "2014.06.16"]

1. d4 d5 2. Nf3 Nf6 3. c4 c6 4. Nc3 a6 5. e3 Bf5 6. Bd2 e6 7. Nh4 Be4 8. f3 Bg6
9. g3 Be7 10. Be2 dxc4 11. Bxc4 b5 12. Nxg6 hxg6 13. Bb3 c5 14. Ne2 Nc6 15. dxc5
Bxc5 16. O-O Qb6 17. Kg2 Bxe3 18. Bc3 O-O 19. Bxf6 gxf6 20. Qc2 Kg7 21. Rad1
Rac8 22. Qe4 f5 23. Qd3 Ne5 24. Qd6 Qxd6 25. Rxd6 a5 26. f4 Ng4 27. Rd7 a4 28.
Bd1 Bc5 29. Re1 Bb4 30. Nc3 a3 31. Re2 Bxc3 32. bxc3 Rxc3 33. Bb3 Kf6 34. Rb7
Rh8 35. h3 Ne3+ 36. Kf2 Nc4 37. Bxc4 bxc4 38. Rd2 Rxh3 39. Rdd7 Rh2+ 40. Kg1 Rh7
41. Kg2 Rc2+ 42. Kf3 Rxa2 43. Ra7 Ra1 44. Kg2 a2 45. Rd2 Rah1 46. Rdxa2 R7h2+
47. Kf3 Rxa2 48. Rxa2 Rd1 0-1

[Event "FIDE World Rapid 2014"]
[Site "Dubai UAE"]
[Date "2014.06.17"]
[Round "10.9"]
[White "Nguyen, Ngoc Truong Son"]
[Black "Movsesian, Sergei"]
[Result "1/2-1/2"]
[WhiteTitle "GM"]
[BlackTitle "GM"]
[WhiteElo "2621"]
[BlackElo "2672"]
[WhiteFideId "12401110"]
[BlackFideId "310204"]
[EventDate "2014.06.16"]

1. d4 Nf6 2. Nf3 d5 3. Bf4 c5 4. e3 Nc6 5. c3 cxd4 6. exd4 a6 7. Bd3 Bg4 8. Nbd2
e6 9. Qb3 Na5 10. Qc2 Nc6 11. Ne5 Nxe5 12. Bxe5 Nd7 13. Bf4 Be7 14. Bxh7 Bg5 15.
Bxg5 Qxg5 16. Bd3 e5 17. f3 Be6 18. Nb3 Rxh2 19. Rxh2 Qg3+ 20. Qf2 Qxh2 21.
O-O-O Qf4+ 22. Qd2 Qxd2+ 23. Kxd2 f6 24. Rh1 Kf7 25. g3 a5 26. a4 b6 27. Bc2 Re8
28. Rh4 Nb8 29. dxe5 fxe5 30. f4 Nc6 31. fxe5 Nxe5 32. Rf4+ Ke7 33. Nd4 Rh8 34.
Rh4 Rf8 35. Rf4 Rh8 36. Rh4 Rf8 37. Rf4 Rh8 38. Rh4 1/2-1/2

[Event "FIDE World Rapid 2014"]
[Site "Dubai UAE"]
[Date "2014.06.17"]
[Round "10.10"]
[White "Malakhov, Vladimir"]
[Black "Jobava, Baadur"]
[Result "1/2-1/2"]
[WhiteTitle "GM"]
[BlackTitle "GM"]
[WhiteElo "2694"]
[BlackElo "2713"]
[WhiteFideId "4120787"]
[BlackFideId "13601520"]
[EventDate "2014.06.16"]

1. Nf3 Nf6 2. g3 d5 3. Bg2 c6 4. O-O Bf5 5. c4 e6 6. cxd5 cxd5 7. Qb3 Qc8 8. d3
Nc6 9. Nc3 Be7 10. Bf4 O-O 11. Rfc1 Qd7 12. h3 Rfc8 13. Ne5 Nxe5 14. Bxe5 Rc6
15. e4 Rb6 16. Qa4 Rb4 17. Qxd7 Nxd7 18. a3 Rb3 19. exf5 Nxe5 20. fxe6 Nxd3 21.
Rc2 fxe6 22. Nxd5 Bc5 23. Nc7 Rc8 24. Nxe6 Bxf2+ 25. Rxf2 Nxf2 26. Kxf2 Rc2+ 27.
Kf1 Rcxb2 28. Bd5 Rb1+ 29. Rxb1 Rxb1+ 30. Ke2 b5 31. Kd2 Ra1 32. Nd4+ Kf8 33.
Nxb5 a6 34. Nc3 Rxa3 35. Bc4 Ra1 36. Bd3 h6 37. Bb1 Ke7 38. h4 Kd6 39. h5 Ra5
40. g4 Kc5 41. Kc2 Kb4 42. Kb2 Re5 43. Bf5 a5 44. Na2+ Kb5 45. Kb3 Re3+ 46. Nc3+
Kc5 47. Kb2 Kc4 48. Nd1 Rg3 49. Ka2 Kb4 50. Nb2 Rg2 51. Kb1 Kc3 52. Na4+ Kd4 53.
Nb2 Rf2 54. Bd7 Rf4 55. Kc2 Rf3 56. Bf5 Rg3 57. Na4 Ra3 58. Bd7 Kc4 59. Nb2+ Kd5
60. Nd3 Kd4 61. Nf4 Ke5 62. Nd3+ Kf6 63. Bf5 Ra1 64. Nc5 Rf1 65. Kb3 Rf4 66.
Nd7+ Kg5 67. Nc5 Rxf5 68. gxf5 Kxf5 69. Ka4 Kg4 70. Ne6 Kxh5 71. Nxg7+ Kg6 72.
Ne6 Kf5 73. Ng7+ Kf6 74. Nh5+ Kg5 75. Ng7 1/2-1/2

[Event "FIDE World Rapid 2014"]
[Site "Dubai UAE"]
[Date "2014.06.17"]
[Round "10.11"]
[White "Adly, Ahmed"]
[Black "Vachier-Lagrave, Maxime"]
[Result "1/2-1/2"]
[WhiteTitle "GM"]
[BlackTitle "GM"]
[WhiteElo "2594"]
[BlackElo "2762"]
[WhiteFideId "10601619"]
[BlackFideId "623539"]
[EventDate "2014.06.16"]

1. d4 Nf6 2. Nf3 g6 3. c4 Bg7 4. g3 O-O 5. Bg2 c5 6. O-O cxd4 7. Nxd4 Nc6 8. Nc3
Qa5 9. Nb3 Qh5 10. e4 d6 11. Nd5 Qxd1 12. Rxd1 Nxd5 13. cxd5 Ne5 14. Nd4 Bd7 15.
Bg5 Rfe8 16. Rac1 h6 17. Be3 Rec8 18. b3 Ng4 19. Bf1 Nxe3 20. fxe3 Kf8 21. Kf2
a6 22. Ke1 e5 23. Ne2 Bf6 24. Rxc8+ Bxc8 25. Rc1 Bd8 26. b4 a5 27. b5 Bb6 28.
Kd2 Bd7 29. a4 Bc5 30. Rc4 Ke7 31. Nc1 Rf8 32. Nd3 Bb6 33. Rc1 h5 34. Bg2 h4 35.
Bf3 Rh8 36. g4 h3 37. Nf2 Kf6 38. Rg1 Rc8 39. Kd3 Bc5 40. Rc1 Rh8 41. Rg1 Kg5
42. Be2 Rc8 43. Rc1 Kh4 44. Bf3 Rg8 45. Rg1 b6 46. Ke2 Ba3 47. Ra1 Bc5 48. Rg1
Rc8 49. Rc1 Bb4 50. Rxc8 Bxc8 51. Kd1 f5 52. gxf5 gxf5 53. exf5 Bxf5 54. Ne4 Bg6
55. Ke2 Bf7 56. Ng3 Kg5 57. Be4 Bc5 58. Kf2 Bb4 59. Ke2 Bc5 60. Kf2 Bb4 1/2-1/2

[Event "FIDE World Rapid 2014"]
[Site "Dubai UAE"]
[Date "2014.06.17"]
[Round "10.13"]
[White "Harikrishna, Pentala"]
[Black "Guseinov, Gadir"]
[Result "1/2-1/2"]
[WhiteTitle "GM"]
[BlackTitle "GM"]
[WhiteElo "2726"]
[BlackElo "2613"]
[WhiteFideId "5007003"]
[BlackFideId "13401378"]
[EventDate "2014.06.16"]

1. d4 Nf6 2. Nf3 g6 3. Bg5 Bg7 4. c3 d6 5. Nbd2 h6 6. Bh4 g5 7. Bg3 Nh5 8. e4
Nxg3 9. hxg3 c5 10. d5 Nd7 11. Nc4 b5 12. Ne3 b4 13. Qd2 bxc3 14. bxc3 Qa5 15.
Rc1 Nb6 16. Bd3 Bf6 17. O-O g4 18. Nh4 Bd7 19. Kh2 O-O-O 20. Qe2 h5 21. Rb1 Kc7
22. Nef5 Bxf5 23. Nxf5 Qxc3 24. Rfc1 Qe5 25. Qe3 h4 26. Rxc5+ dxc5 27. Qxc5+ Kb8
28. Rxb6+ axb6 29. Qxb6+ Ka8 30. Qa6+ Kb8 31. Qb6+ Ka8 32. Qa6+ Kb8 33. Qb6+ Ka8
34. Qa6+ 1/2-1/2

[Event "FIDE World Rapid 2014"]
[Site "Dubai UAE"]
[Date "2014.06.17"]
[Round "10.14"]
[White "Kryvoruchko, Yuriy"]
[Black "Iturrizaga Bonelli, Eduardo"]
[Result "1/2-1/2"]
[WhiteTitle "GM"]
[BlackTitle "GM"]
[WhiteElo "2707"]
[BlackElo "2653"]
[WhiteFideId "14109182"]
[BlackFideId "3901211"]
[EventDate "2014.06.16"]

1. e4 c5 2. Nf3 g6 3. d4 cxd4 4. Nxd4 Nc6 5. c4 Nf6 6. Nc3 d6 7. Be2 Bg7 8. Be3
O-O 9. O-O Bd7 10. f3 Nxd4 11. Bxd4 a5 12. b3 Bc6 13. Qd2 Nd7 14. Be3 Nc5 15.
Rab1 e6 16. Rfd1 Be5 17. Bf1 Qh4 18. g3 Qf6 19. Bd4 Qxf3 20. Bg2 Qf6 21. Bxe5
dxe5 22. Qd6 Nd7 23. Rf1 Qd8 24. Nd5 Bxd5 25. exd5 Ra6 26. Qa3 exd5 27. Bxd5 Nf6
28. Rbd1 Qb6+ 29. Kh1 Nxd5 30. Rxd5 Qe3 31. Rd7 Qe4+ 32. Kg1 Qe3+ 33. Kh1 Qe4+
34. Kg1 Qe3+ 1/2-1/2

[Event "FIDE World Rapid 2014"]
[Site "Dubai UAE"]
[Date "2014.06.17"]
[Round "10.15"]
[White "Zhigalko, Sergei"]
[Black "Yudin, Sergei"]
[Result "1/2-1/2"]
[WhiteTitle "GM"]
[BlackTitle "GM"]
[WhiteElo "2678"]
[BlackElo "2546"]
[WhiteFideId "13502956"]
[BlackFideId "4159659"]
[EventDate "2014.06.16"]

1. e4 d6 2. d4 Nf6 3. Nc3 e5 4. Nf3 Nbd7 5. Bc4 Be7 6. O-O O-O 7. a4 a5 8. Re1
c6 9. h3 h6 10. Be3 Re8 11. Ba2 Qc7 12. Nh4 Nf8 13. Qf3 exd4 14. Bxd4 Ne6 15.
Bxe6 Bxe6 16. Nf5 Bxf5 17. Qxf5 Nd7 18. Rad1 Bf6 19. b3 Re6 20. Qf4 Rae8 21. Re2
Be5 22. Bxe5 dxe5 23. Qe3 Rd6 24. Red2 Rxd2 25. Rxd2 Nf8 26. Ne2 Ne6 27. g3 Rd8
28. h4 h5 29. Kg2 g6 30. Qc3 Rxd2 31. Qxd2 Qd8 32. Qxd8+ Nxd8 33. Kf3 1/2-1/2

[Event "FIDE World Rapid 2014"]
[Site "Dubai UAE"]
[Date "2014.06.17"]
[Round "10.16"]
[White "Van Wely, Loek"]
[Black "Vitiugov, Nikita"]
[Result "1/2-1/2"]
[WhiteTitle "GM"]
[BlackTitle "GM"]
[WhiteElo "2654"]
[BlackElo "2742"]
[WhiteFideId "1000268"]
[BlackFideId "4152956"]
[EventDate "2014.06.16"]

1. d4 Nf6 2. c4 e6 3. Nf3 Bb4+ 4. Bd2 a5 5. g3 d6 6. Bg2 Nbd7 7. O-O e5 8. Be3
O-O 9. a3 exd4 10. Bxd4 Bc5 11. Nc3 Re8 12. b3 c6 13. h3 Qe7 14. Ra2 h6 15. Kh2
Ne5 16. Bxc5 dxc5 17. Qc1 Nxf3+ 18. Bxf3 Bf5 19. e4 Bg6 20. Bg2 Qc7 21. Re1 Rad8
22. Re3 Rd4 23. Qe1 Nd7 24. f4 f6 25. a4 Nf8 26. Ne2 Rd7 27. Rd2 b6 28. Rxd7
Qxd7 29. Ng1 Bh5 30. Nf3 Ne6 31. e5 f5 32. Qb1 Nd4 33. Nxd4 cxd4 34. Qd3 Bf7 35.
Re1 c5 36. Bf3 Be6 37. Rg1 Rf8 38. Kg2 Kh8 39. Kf2 Qf7 40. h4 h5 41. Ke2 g6 42.
Kf2 Kh7 43. Rc1 Rd8 44. Ra1 Qe7 45. Rc1 Qf7 46. Ra1 Qe7 47. Rc1 Qf7 1/2-1/2